Largest Municipalities in South Carolina by First Letter - Statistics

General Stats
  • This quiz has been taken 7 times
  • The average score is 19 of 24
Answer Stats
First Letter County Population Municipality % Correct
A Aiken 33,485 Aiken
100%
C Charleston 158,367 Charleston
100%
D Dillon 6,172 Dillon
100%
F Florence 40,950 Florence
100%
G Greenville 73,964 Greenville
100%
L Lexington 25,766 Lexington
100%
O Orangeburg 13,353 Orangeburg
100%
U Union 7,705 Union
100%
B Beaufort 39,846 Bluffton
86%
H Beaufort 38,437 Hilton Head Island
86%
J Charleston 12,066 James Island
86%
M Charleston 97,903 Mount Pleasant
86%
N Charleston 125,414 North Charleston
86%
R York 76,289 Rock Hill
86%
S Dorchester 52,406 Summerville
86%
Y York 9,553 York
86%
E Pickens 28,620 Easley
71%
P Beaufort 17,476 Port Royal
71%
I Richland 12,315 Irmo
57%
K Williamsburg 2,966 Kingstree
43%
T York 14,812 Tega Cay
43%
V Hampton 1,590 Varnville
43%
Q Darlington 899 Quinby
29%
W Lexington 18,847 West Columbia
29%
No matching quizzes found
Score Distribution
Percent of People with Each Score
Percentile by Number Answered
Your Score History
You have not taken this quiz